Ekonomičeskije nauki ježemesjačnyj žurnal

Salvato in:
Dettagli Bibliografici
Natura: Periodico
Lingua:russo
Pubblicazione: Moskva Vyššaja škola
Tags: Aggiungi Tag
Nessun Tag, puoi essere il primo ad aggiungerne!!

MARC

LEADER 00000nas1a22000001 4500
001 s121047
005 20230804101234.3
041 0 |a rus 
044 |a RU 
245 1 0 |a Ekonomičeskije nauki  |b ježemesjačnyj žurnal 
264 1 |a Moskva  |b Vyššaja škola